[Event "British Rapidplay Championship 2023"]
[Site "Mercure Bradford, Bankfield Hotel"]
[Date "2023.04.16"]
[Round "8.29"]
[White "Galloway, Peter"]
[Black "Wood, Jack"]
[Result "0-1"]
[TimeControl "All moves in 15 minutes plus 10 second increment per move from move 1"]
[WhiteElo "1324"]
[BlackElo "1626"]

1. e4 {[%clk 00:15:15]} {[%emt 00:00:05]} c5 {[%clk 00:15:11]} {[%emt
00:00:10]} 2. Nf3 {[%clk 00:15:21]} {[%emt 00:00:03]} Nc6 {[%clk 00:15:19]}
{[%emt 00:00:03]} 3. Bc4 {[%clk 00:15:24]} {[%emt 00:00:07]} e6 {[%clk
00:15:26]} {[%emt 00:00:02]} 4. d4 {[%clk 00:15:29]} {[%emt 00:00:04]} cxd4
{[%clk 00:15:33]} {[%emt 00:00:04]} 5. Nxd4 {[%clk 00:15:35]} {[%emt 00:00:04]}
g6 {[%clk 00:15:07]} {[%emt 00:00:36]} 6. Nxc6 {[%clk 00:15:04]} {[%emt
00:00:41]} bxc6 {[%clk 00:15:15]} {[%emt 00:00:02]} 7. O-O {[%clk 00:14:34]}
{[%emt 00:00:40]} Bg7 {[%clk 00:15:21]} {[%emt 00:00:04]} 8. c3 {[%clk
00:14:35]} {[%emt 00:00:10]} Ne7 {[%clk 00:15:21]} {[%emt 00:00:09]} 9. Be3
{[%clk 00:14:21]} {[%emt 00:00:24]} O-O {[%clk 00:15:26]} {[%emt 00:00:05]} 10.
Nd2 {[%clk 00:13:58]} {[%emt 00:00:33]} d5 {[%clk 00:15:14]} {[%emt 00:00:22]}
11. exd5 {[%clk 00:13:49]} {[%emt 00:00:19]} cxd5 {[%clk 00:14:49]} {[%emt
00:00:35]} 12. Bb3 {[%clk 00:13:45]} {[%emt 00:00:14]} a5 {[%clk 00:14:52]}
{[%emt 00:00:07]} 13. Nf3 {[%clk 00:13:22]} {[%emt 00:00:33]} Nf5 {[%clk
00:14:03]} {[%emt 00:00:59]} 14. Bf4 {[%clk 00:12:44]} {[%emt 00:00:48]} Qb6
{[%clk 00:13:29]} {[%emt 00:00:44]} 15. Be5 {[%clk 00:12:14]} {[%emt 00:00:39]}
Ba6 {[%clk 00:11:57]} {[%emt 00:01:43]} 16. Bxg7 {[%clk 00:11:49]} {[%emt
00:00:35]} Kxg7 {[%clk 00:11:55]} {[%emt 00:00:11]} 17. Re1 {[%clk 00:11:23]}
{[%emt 00:00:37]} Nd6 {[%clk 00:11:56]} {[%emt 00:00:09]} 18. Ne5 {[%clk
00:10:50]} {[%emt 00:00:43]} Ne4 {[%clk 00:10:29]} {[%emt 00:01:37]} 19. Qd4
{[%clk 00:09:56]} {[%emt 00:01:03]} Qxd4 {[%clk 00:10:12]} {[%emt 00:00:27]} 20.
cxd4 {[%clk 00:10:04]} {[%emt 00:00:02]} Ra7 {[%clk 00:09:36]} {[%emt
00:00:46]} 21. f3 {[%clk 00:07:54]} {[%emt 00:02:21]} Nd6 {[%clk 00:09:39]}
{[%emt 00:00:07]} 22. Rac1 {[%clk 00:07:05]} {[%emt 00:00:59]} Bb5 {[%clk
00:08:26]} {[%emt 00:01:23]} 23. Rc3 {[%clk 00:05:07]} {[%emt 00:02:07]} a4
{[%clk 00:08:08]} {[%emt 00:00:29]} 24. Bc2 {[%clk 00:04:54]} {[%emt 00:00:23]}
Rfa8 {[%clk 00:07:30]} {[%emt 00:00:48]} 25. Bd3 {[%clk 00:04:43]} {[%emt
00:00:20]} Be8 {[%clk 00:07:28]} {[%emt 00:00:13]} 26. Rec1 {[%clk 00:04:26]}
{[%emt 00:00:28]} Rb7 {[%clk 00:07:08]} {[%emt 00:00:30]} 27. b3 {[%clk
00:03:24]} {[%emt 00:01:12]} axb3 {[%clk 00:06:54]} {[%emt 00:00:23]} 28. Rxb3
{[%clk 00:03:10]} {[%emt 00:00:24]} Rba7 {[%clk 00:06:53]} {[%emt 00:00:11]} 29.
Bb1 {[%clk 00:03:10]} {[%emt 00:00:10]} Nb5 {[%clk 00:06:26]} {[%emt 00:00:37]}
30. Nc6 {[%clk 00:02:45]} {[%emt 00:00:35]} Bxc6 {[%clk 00:06:25]} {[%emt
00:00:10]} 31. Rxc6 {[%clk 00:02:50]} {[%emt 00:00:06]} Nxd4 {[%clk 00:06:31]}
{[%emt 00:00:03]} 32. Rbc3 {[%clk 00:02:11]} {[%emt 00:00:49]} Nxc6 {[%clk
00:06:38]} {[%emt 00:00:04]} 33. Rxc6 {[%clk 00:02:19]} {[%emt 00:00:02]} Rb7
{[%clk 00:06:37]} {[%emt 00:00:11]} 34. Rc1 {[%clk 00:02:21]} {[%emt 00:00:08]}
Rb2 {[%clk 00:06:28]} {[%emt 00:00:19]} 35. Bd3 {[%clk 00:01:26]} {[%emt
00:01:05]} Raxa2 {[%clk 00:06:23]} {[%emt 00:00:15]} 36. Bf1 {[%clk 00:01:31]}
{[%emt 00:00:04]} h5 {[%clk 00:06:07]} {[%emt 00:00:27]} 37. h3 {[%clk
00:01:40]} {[%emt 00:00:01]} Kf6 {[%clk 00:06:14]} {[%emt 00:00:02]} 38. Rd1
{[%clk 00:01:37]} {[%emt 00:00:14]} Kg5 {[%clk 00:06:21]} {[%emt 00:00:03]} 39.
Kh2 {[%clk 00:01:45]} {[%emt 00:00:03]} Rf2 {[%clk 00:06:18]} {[%emt 00:00:13]}
40. Kg1 {[%clk 00:01:26]} {[%emt 00:00:28]} f5 {[%clk 00:06:16]} {[%emt
00:00:12]} 41. Re1 {[%clk 00:01:32]} {[%emt 00:00:05]} Kf6 {[%clk 00:06:24]}
{[%emt 00:00:02]} 42. h4 {[%clk 00:01:25]} {[%emt 00:00:18]} e5 {[%clk
00:06:31]} {[%emt 00:00:03]} 43. Kh2 {[%clk 00:01:07]} {[%emt 00:00:28]} e4
{[%clk 00:06:21]} {[%emt 00:00:20]} 44. fxe4 {[%clk 00:01:12]} {[%emt
00:00:05]} fxe4 {[%clk 00:06:16]} {[%emt 00:00:14]} 45. Kg3 {[%clk 00:01:12]}
{[%emt 00:00:09]} Ke5 {[%clk 00:06:21]} {[%emt 00:00:06]} 46. Rd1 {[%clk
00:01:08]} {[%emt 00:00:14]} d4 {[%clk 00:06:26]} {[%emt 00:00:05]} 47. Re1
{[%clk 00:01:07]} {[%emt 00:00:12]} Kd5 {[%clk 00:06:12]} {[%emt 00:00:23]} 48.
Rb1 {[%clk 00:00:36]} {[%emt 00:00:41]} d3 {[%clk 00:06:11]} {[%emt 00:00:11]}
49. Rb5+ {[%clk 00:00:30]} {[%emt 00:00:16]} Kc4 {[%clk 00:06:15]} {[%emt
00:00:06]} 50. Bxd3+ {[%clk 00:00:28]} {[%emt 00:00:13]} exd3 {[%clk 00:06:17]}
{[%emt 00:00:08]} 51. Rb1 {[%clk 00:00:31]} {[%emt 00:00:07]} Rxg2+ {[%clk
00:06:22]} {[%emt 00:00:05]} 52. Kf3 {[%clk 00:00:39]} {[%emt 00:00:02]} Raf2+
{[%clk 00:06:17]} {[%emt 00:00:15]} 53. Ke3 {[%clk 00:00:40]} {[%emt 00:00:08]}
Re2+ {[%clk 00:06:19]} {[%emt 00:00:08]} 54. Kf3 {[%clk 00:00:45]} {[%emt
00:00:05]} Kc3 {[%emt 00:00:46]} 0-1

[Event "British Rapidplay Championship 2023"]
[Site "Mercure Bradford, Bankfield Hotel"]
[Date "2023.04.16"]
[Round "8.31"]
[White "Smith, Jacob"]
[Black "McKay, Ruairidh"]
[Result "0-1"]
[TimeControl "All moves in 15 minutes plus 10 second increment per move from move 1"]
[WhiteElo "1513"]
[BlackElo "1460"]

1. e4 {[%clk 00:15:17]} c6 {[%clk 00:15:19]} {[%emt 00:00:02]} 2. Nc3 {[%clk
00:15:22]} {[%emt 00:00:05]} d5 {[%clk 00:15:25]} {[%emt 00:00:04]} 3. Nf3
{[%clk 00:15:31]} {[%emt 00:00:03]} dxe4 {[%clk 00:15:27]} {[%emt 00:00:08]} 4.
Nxe4 {[%clk 00:15:40]} Bf5 {[%clk 00:15:31]} {[%emt 00:00:05]} 5. Ng3 {[%clk
00:15:48]} {[%emt 00:00:04]} Bg6 {[%clk 00:15:38]} {[%emt 00:00:01]} 6. Bc4
{[%clk 00:15:52]} {[%emt 00:00:07]} e6 {[%clk 00:14:30]} {[%emt 00:01:18]} 7.
Ne5 {[%clk 00:16:00]} {[%emt 00:00:02]} Ne7 {[%clk 00:14:29]} {[%emt 00:00:10]}
8. Qe2 {[%clk 00:16:04]} {[%emt 00:00:07]} Nd5 {[%clk 00:13:13]} {[%emt
00:01:26]} 9. Nxg6 {[%clk 00:15:46]} {[%emt 00:00:27]} hxg6 {[%clk 00:13:18]}
{[%emt 00:00:05]} 10. d4 {[%emt 00:00:47]} Nd7 {[%clk 00:13:14]} 11. c3 {[%clk
00:14:04]} {[%emt 00:01:29]} N7f6 {[%clk 00:12:47]} {[%emt 00:00:36]} 12. Bg5
{[%clk 00:13:37]} {[%emt 00:00:37]} Be7 {[%clk 00:12:37]} {[%emt 00:00:20]} 13.
Ne4 {[%clk 00:13:11]} {[%emt 00:00:37]} Qc7 {[%clk 00:11:25]} {[%emt 00:01:22]}
14. Bxf6 {[%clk 00:10:54]} {[%emt 00:02:26]} Nxf6 {[%clk 00:09:13]} {[%emt
00:02:22]} 15. g3 {[%clk 00:10:14]} {[%emt 00:00:50]} O-O-O {[%clk 00:08:30]}
{[%emt 00:00:53]} 16. a4 {[%clk 00:09:37]} {[%emt 00:00:47]} Nxe4 {[%clk
00:07:56]} {[%emt 00:00:44]} 17. Qxe4 {[%clk 00:09:46]} {[%emt 00:00:01]} Rh5
{[%clk 00:07:31]} {[%emt 00:00:34]} 18. b4 {[%clk 00:08:33]} {[%emt 00:01:24]}
Kb8 {[%clk 00:06:00]} {[%emt 00:01:41]} 19. b5 {[%clk 00:07:52]} {[%emt
00:00:51]} c5 {[%clk 00:05:39]} {[%emt 00:00:30]} 20. Be2 {[%clk 00:06:17]}
{[%emt 00:01:46]} cxd4 {[%clk 00:04:56]} {[%emt 00:00:53]} 21. Bxh5 {[%clk
00:05:45]} {[%emt 00:00:41]} Qxc3+ {[%clk 00:05:04]} {[%emt 00:00:02]} 22. Ke2
{[%clk 00:05:25]} {[%emt 00:00:31]} d3+ {[%clk 00:05:04]} {[%emt 00:00:09]} 23.
Kf3 {[%clk 00:05:26]} {[%emt 00:00:10]} d2+ {[%clk 00:04:43]} {[%emt 00:00:31]}
24. Kg2 {[%clk 00:05:35]} {[%emt 00:00:01]} gxh5 {[%clk 00:04:40]} {[%emt
00:00:13]} 25. Qf3 {[%clk 00:04:41]} {[%emt 00:01:04]} Bf6 {[%clk 00:03:48]}
{[%emt 00:01:02]} 26. Qxc3 {[%clk 00:03:53]} {[%emt 00:00:59]} Bxc3 {[%clk
00:03:56]} {[%emt 00:00:02]} 27. Rab1 {[%clk 00:04:02]} {[%emt 00:00:01]} b6
{[%clk 00:04:03]} {[%emt 00:00:14]} 28. Rhd1 {[%clk 00:03:55]} {[%emt
00:00:26]} Kc7 {[%clk 00:04:08]} {[%emt 00:00:04]} 29. Rb3 {[%clk 00:03:41]}
{[%emt 00:00:24]} Ba5 {[%clk 00:04:06]} {[%emt 00:00:13]} 30. Ra3 {[%clk
00:03:47]} {[%emt 00:00:04]} Rd5 {[%clk 00:04:13]} {[%emt 00:00:02]} 31. f4
{[%clk 00:03:44]} {[%emt 00:00:13]} Kd6 {[%clk 00:04:19]} {[%emt 00:00:05]} 32.
Kf2 {[%clk 00:03:51]} {[%emt 00:00:03]} Kc5 {[%clk 00:04:26]} {[%emt 00:00:03]}
33. Ra2 {[%clk 00:03:49]} {[%emt 00:00:12]} Kc4 {[%clk 00:03:44]} {[%emt
00:00:52]} 34. Ke2 {[%clk 00:03:36]} {[%emt 00:00:23]} Bc3 {[%clk 00:03:36]}
{[%emt 00:00:17]} 35. Rb1 {[%clk 00:02:20]} {[%emt 00:01:27]} e5 {[%clk
00:02:47]} {[%emt 00:00:58]} 36. Ra3 {[%clk 00:01:20]} {[%emt 00:01:11]} e4
{[%clk 00:01:38]} {[%emt 00:01:18]} 37. Ra2 {[%clk 00:01:02]} {[%emt 00:00:30]}
Rd3 {[%clk 00:01:21]} {[%emt 00:00:27]} 38. Rc2 {[%clk 00:00:39]} {[%emt
00:00:33]} Kd4 {[%clk 00:01:21]} {[%emt 00:00:08]} 39. Rd1 {[%clk 00:00:16]}
{[%emt 00:00:35]} Re3+ {[%clk 00:01:06]} {[%emt 00:00:24]} 40. Kf1 {[%clk
00:00:22]} {[%emt 00:00:04]} Kd3 {[%clk 00:00:58]} {[%emt 00:00:18]} 41. Rxc3+
{[%clk 00:00:11]} {[%emt 00:00:22]} Kxc3 {[%clk 00:01:05]} {[%emt 00:00:03]} 42.
Kf2 {[%clk 00:00:20]} Rd3 {[%clk 00:00:47]} {[%emt 00:00:29]} 43. Ke2 {[%clk
00:00:11]} {[%emt 00:00:19]} Kc2 {[%clk 00:00:34]} {[%emt 00:00:22]} 44. a5
{[%clk 00:00:12]} {[%emt 00:00:11]} bxa5 {[%clk 00:00:37]} {[%emt 00:00:06]} 45.
g4 {[%clk 00:00:11]} {[%emt 00:00:11]} hxg4 {[%clk 00:00:34]} {[%emt 00:00:12]}
46. f5 {[%clk 00:00:11]} {[%emt 00:00:11]} Re3 {[%clk 00:00:23]} {[%emt
00:00:21]} 0-1

[Event "British Rapidplay Championship 2023"]
[Site "Mercure Bradford, Bankfield Hotel"]
[Date "2023.04.16"]
[Round "8.33"]
[White "Bowmer, James"]
[Black "Jones, Simon"]
[Result "1-0"]
[TimeControl "All moves in 15 minutes plus 10 second increment per move from move 1"]
[WhiteElo "1531"]
[BlackElo "1336"]

1. e4 {[%clk 00:15:17]} {[%emt 00:00:03]} c6 {[%clk 00:15:04]} {[%emt
00:00:05]} 2. Nc3 {[%clk 00:15:24]} {[%emt 00:00:08]} d5 {[%clk 00:15:13]}
{[%emt 00:00:09]} 3. Qf3 {[%clk 00:15:31]} {[%emt 00:00:02]} Nf6 {[%clk
00:13:09]} {[%emt 00:02:14]} 4. e5 {[%clk 00:15:40]} {[%emt 00:00:02]} Nfd7
{[%clk 00:12:59]} {[%emt 00:00:19]} 5. d4 {[%clk 00:15:48]} {[%emt 00:00:02]}
e6 {[%clk 00:12:30]} {[%emt 00:00:40]} 6. Nh3 {[%clk 00:15:56]} {[%emt
00:00:02]} Be7 {[%clk 00:11:18]} {[%emt 00:01:21]} 7. Qg4 {[%clk 00:14:10]}
{[%emt 00:01:57]} O-O {[%clk 00:09:44]} {[%emt 00:01:43]} 8. Bh6 {[%clk
00:14:09]} {[%emt 00:00:10]} g6 {[%clk 00:08:48]} {[%emt 00:01:07]} 9. Bxf8
{[%clk 00:14:16]} {[%emt 00:00:03]} Qxf8 {[%clk 00:08:35]} {[%emt 00:00:23]} 10.
O-O-O {[%clk 00:13:34]} {[%emt 00:00:52]} c5 {[%clk 00:08:36]} {[%emt
00:00:10]} 11. Be2 {[%clk 00:10:11]} {[%emt 00:03:33]} cxd4 {[%clk 00:08:26]}
{[%emt 00:00:20]} 12. Qxd4 {[%clk 00:10:16]} {[%emt 00:00:05]} Nc6 {[%clk
00:08:08]} {[%emt 00:00:28]} 13. Qe3 {[%clk 00:08:48]} {[%emt 00:01:37]} Ncxe5
{[%clk 00:07:18]} {[%emt 00:01:00]} 14. f4 {[%clk 00:07:30]} {[%emt 00:01:28]}
Bc5 {[%clk 00:06:30]} {[%emt 00:00:59]} 15. Qg3 {[%clk 00:05:36]} {[%emt
00:02:03]} Nc6 {[%clk 00:05:42]} {[%emt 00:00:58]} 16. Bb5 {[%clk 00:04:47]}
{[%emt 00:00:59]} a6 {[%clk 00:04:59]} {[%emt 00:00:53]} 17. Bxc6 {[%clk
00:04:54]} {[%emt 00:00:03]} bxc6 {[%clk 00:05:07]} {[%emt 00:00:02]} 18. Rhf1
{[%clk 00:04:13]} {[%emt 00:00:50]} Rb8 {[%clk 00:04:47]} {[%emt 00:00:31]} 19.
Qd3 {[%clk 00:03:47]} {[%emt 00:00:37]} Nb6 {[%clk 00:03:51]} {[%emt 00:01:05]}
20. b3 {[%clk 00:03:16]} {[%emt 00:00:41]} Ba3+ {[%clk 00:03:48]} {[%emt
00:00:13]} 21. Kd2 {[%clk 00:03:03]} {[%emt 00:00:22]} Qg7 {[%clk 00:02:57]}
{[%emt 00:01:01]} 22. Nb1 {[%clk 00:02:24]} {[%emt 00:00:50]} Bb4+ {[%clk
00:02:25]} {[%emt 00:00:42]} 23. c3 {[%clk 00:02:25]} {[%emt 00:00:09]} Bd6
{[%clk 00:01:35]} {[%emt 00:01:01]} 24. Kc2 {[%clk 00:00:56]} {[%emt 00:01:38]}
e5 {[%clk 00:01:36]} {[%emt 00:00:09]} 25. fxe5 {[%clk 00:00:56]} {[%emt
00:00:10]} Bf5 {[%clk 00:01:43]} {[%emt 00:00:03]} 26. Rxf5 {[%clk 00:01:00]}
{[%emt 00:00:07]} gxf5 {[%clk 00:01:45]} {[%emt 00:00:07]} 27. exd6 {[%clk
00:01:07]} {[%emt 00:00:03]} Re8 {[%clk 00:01:13]} {[%emt 00:00:41]} 28. Rd2
{[%clk 00:01:01]} {[%emt 00:00:17]} Re4 {[%clk 00:01:03]} {[%emt 00:00:20]} 29.
Nf2 {[%clk 00:00:53]} {[%emt 00:00:18]} Rh4 {[%clk 00:00:57]} {[%emt 00:00:16]}
30. h3 {[%clk 00:00:17]} {[%emt 00:00:46]} Rf4 {[%clk 00:00:53]} {[%emt
00:00:13]} 31. Nd1 {[%clk 00:00:20]} {[%emt 00:00:08]} Nd7 {[%clk 00:00:56]}
{[%emt 00:00:07]} 32. Qxa6 {[%clk 00:00:20]} {[%emt 00:00:10]} Ne5 {[%clk
00:00:23]} {[%emt 00:00:44]} 33. Qc8+ {[%clk 00:00:22]} {[%emt 00:00:07]} Qf8
{[%clk 00:00:28]} {[%emt 00:00:04]} 34. Qxf8+ {[%clk 00:00:30]} {[%emt
00:00:03]} Kxf8 {[%clk 00:00:36]} {[%emt 00:00:02]} 35. Re2 {[%clk 00:00:18]}
{[%emt 00:00:22]} f6 {[%clk 00:00:44]} {[%emt 00:00:02]} 36. d7 {[%clk
00:00:23]} {[%emt 00:00:06]} Nxd7 {[%clk 00:00:47]} {[%emt 00:00:06]} 37. Re6
{[%emt 00:00:57]} 1-0

[ePGN "0.1;DGT LiveChess/2.2.5"]

[Event "British Rapidplay Championship 2023"]
[Site "Mercure Bradford, Bankfield Hotel"]
[Date "2023.04.16"]
[Round "9.1"]
[White "Gopakumar, Siddharth"]
[Black "Mata, Andrew B"]
[Result "1/2-1/2"]
[TimeControl "All moves in 15 minutes plus 10 second increment per move from move 1"]
[WhiteElo "1870"]
[BlackElo "1912"]

1. e4 {[%clk 00:15:18]} {[%emt 00:00:01]} c6 {[%clk 00:15:17]} {[%emt
00:00:27]} 2. d4 {[%clk 00:15:25]} {[%emt 00:00:02]} d5 {[%clk 00:15:24]}
{[%emt 00:00:15]} 3. Nc3 {[%clk 00:15:34]} {[%emt 00:00:01]} dxe4 {[%clk
00:15:30]} {[%emt 00:00:10]} 4. Nxe4 {[%clk 00:15:42]} {[%emt 00:00:13]} Nf6
{[%clk 00:15:37]} {[%emt 00:00:02]} 5. Nxf6+ {[%clk 00:15:48]} {[%emt
00:00:14]} exf6 {[%clk 00:15:45]} {[%emt 00:00:01]} 6. c3 {[%clk 00:15:57]} Bd6
{[%clk 00:15:43]} {[%emt 00:00:15]} 7. Nf3 {[%clk 00:16:04]} {[%emt 00:00:03]}
O-O {[%clk 00:15:47]} {[%emt 00:00:05]} 8. Be2 {[%clk 00:16:05]} {[%emt
00:00:04]} Re8 {[%clk 00:15:12]} {[%emt 00:00:25]} 9. O-O {[%clk 00:16:13]}
{[%emt 00:00:02]} Bg4 {[%clk 00:15:03]} {[%emt 00:00:11]} 10. h3 {[%clk
00:16:21]} {[%emt 00:00:01]} Bh5 {[%clk 00:15:12]} 11. Re1 {[%clk 00:16:19]}
{[%emt 00:00:07]} Nd7 {[%clk 00:15:19]} {[%emt 00:00:02]} 12. Be3 {[%clk
00:16:22]} {[%emt 00:00:03]} Qc7 {[%clk 00:15:12]} {[%emt 00:00:07]} 13. Nd2
{[%clk 00:16:07]} {[%emt 00:00:08]} Bxe2 {[%clk 00:15:09]} {[%emt 00:00:13]} 14.
Rxe2 {[%clk 00:16:15]} {[%emt 00:00:02]} f5 {[%clk 00:14:58]} {[%emt 00:00:20]}
15. Nc4 {[%clk 00:15:54]} {[%emt 00:00:31]} Nf6 {[%clk 00:14:20]} {[%emt
00:00:48]} 16. Nxd6 {[%clk 00:14:23]} {[%emt 00:01:41]} Qxd6 {[%emt 00:00:35]}
17. Qd3 {[%clk 00:14:01]} f4 {[%clk 00:10:57]} {[%emt 00:03:41]} 18. Bd2 {[%clk
00:13:51]} {[%emt 00:00:20]} Rxe2 {[%clk 00:11:04]} {[%emt 00:00:03]} 19. Qxe2
{[%clk 00:13:59]} Re8 {[%clk 00:11:12]} {[%emt 00:00:02]} 20. Qf3 {[%clk
00:13:40]} {[%emt 00:00:30]} g5 {[%clk 00:11:09]} {[%emt 00:00:13]} 21. Re1
{[%clk 00:12:30]} {[%emt 00:01:20]} Rxe1+ {[%clk 00:10:20]} {[%emt 00:00:58]}
22. Bxe1 {[%clk 00:12:39]} Qe6 {[%clk 00:10:29]} {[%emt 00:00:02]} 23. Kf1
{[%clk 00:12:48]} {[%emt 00:00:01]} Qxa2 {[%clk 00:10:36]} {[%emt 00:00:02]} 24.
g3 {[%clk 00:12:57]} {[%emt 00:00:01]} Qd5 {[%clk 00:10:31]} {[%emt 00:00:15]}
25. Kg2 {[%clk 00:11:37]} {[%emt 00:01:29]} Qxf3+ {[%clk 00:09:31]} {[%emt
00:01:12]} 26. Kxf3 {[%clk 00:11:45]} fxg3 {[%clk 00:09:39]} {[%emt 00:00:02]}
27. fxg3 {[%clk 00:11:54]} {[%emt 00:00:01]} Kg7 {[%clk 00:09:07]} {[%emt
00:00:42]} 28. c4 {[%clk 00:11:58]} {[%emt 00:00:06]} Kg6 {[%clk 00:09:09]}
{[%emt 00:00:08]} 29. g4 {[%clk 00:12:07]} {[%emt 00:00:02]} h5 {[%clk
00:07:50]} {[%emt 00:01:29]} 30. Bg3 {[%clk 00:12:01]} {[%emt 00:00:16]} hxg4+
{[%clk 00:07:07]} {[%emt 00:00:52]} 31. hxg4 {[%clk 00:12:10]} Nd7 {[%clk
00:05:32]} {[%emt 00:01:46]} 32. Ke4 {[%clk 00:12:11]} {[%emt 00:00:09]} Nf6+
{[%clk 00:05:39]} {[%emt 00:00:02]} 33. Kf3 {[%clk 00:12:20]} Nd7 {[%clk
00:05:25]} {[%emt 00:00:25]} 34. Ke4 {[%clk 00:12:26]} {[%emt 00:00:04]} Nf6+
{[%clk 00:05:10]} {[%emt 00:00:24]} 35. Kf3 {[%clk 00:12:17]} {[%emt 00:00:19]}
Ng8 {[%emt 00:00:22]} 1/2-1/2